[Event "Wch Rapid (Women)"]
[Site "Samarkand"]
[Date "2023.12.28"]
[Round "10"]
[White "Lesbekova, Asel"]
[Black "Ubiennykh, Ekaterina"]
[Result "1-0"]
[WhiteElo "1805"]
[BlackElo "2257"]
[PlyCount "103"]
[EventDate "2023.12.26"]
[EventType "swiss (rapid)"]
[EventRounds "11"]
[EventCountry "UZB"]
[SourceTitle "CB01_2024"]
[SourceDate "2024.01.03"]
[SourceVersion "1"]
[SourceVersionDate "2024.01.03"]
[SourceQuality "1"]

1. e4 c6 2. d4 d5 3. e5 Bf5 4. Nd2 h5 5. Nb3 e6 6. Nf3 c5 7. dxc5 Bxc5 8. Nxc5 Qa5+ 9. c3 Qxc5 10. Be3 Qc7 11. Bb5+ Nc6 12. Nd4 Nge7 13. f4 a6 14. Bd3 Bxd3 15. Qxd3 Na5 16. Bf2 g5 17. g3 0-0-0 18. 0-0-0 Kb8 19. fxg5 Qxe5 20. Nf3 Qc7 21. Bd4 Nec6 22. Bxh8 Rxh8 23. Kb1 Rc8 24. b3 Na7 25. c4 dxc4 26. Qd6 cxb3 27. Qxc7+ Rxc7 28. Rd8+ Nc8 29. axb3 Rc3 30. Nd2 Nc6 31. Rf8 Rd3 32. Nc4 Rxb3+ 33. Ka2 Rc3 34. Nd6 Ne5 35. Nxf7 Ng6 36. Re8 Rc6 37. Re1 Nge7 38. Kb2 Ka7 39. Nd8 Rd6 40. Re2 e5 41. h4 Rb6+ 42. Kc2 Nf5 43. R2xe5 Ncd6 44. Rf8 Ng7 45. Rf6 Kb8 46. Rg6 Kc8 47. Rxg7 Kxd8 48. Re6 Rc6+ 49. Kd1 a5 50. g6 a4 51. Rxb7 Kc8 52. Ra7 1-0

[Event "Titled Tuesday intern op 01st Sept"]
[Site "Chess.com INT"]
[Date "2020.09.01"]
[Round "4"]
[White "Labussiere, Victor"]
[Black "Ubiennykh, Ekaterina"]
[Result "0-1"]
[WhiteElo "2332"]
[BlackElo "2331"]
[PlyCount "142"]
[EventDate "2020.09.01"]
[EventType "swiss (blitz)"]
[EventRounds "10"]
[EventCountry "USA"]
[SourceTitle "CBM 198 Extra"]
[Source "ChessBase"]
[SourceDate "2020.11.30"]
[SourceVersion "1"]
[SourceVersionDate "2020.11.30"]
[SourceQuality "1"]

1. e4 e6 2. d3 d5 3. Nd2 c5 4. Ngf3 Nc6 5. g3 Nf6 6. Bg2 Be7 7. 0-0 0-0 8. e5 Ne8 9. Re1 b5 10. Nf1 Nc7 11. h4 Rb8 12. N1h2 b4 13. Ng4 f5 14. exf6 Bxf6 15. Nge5 Bb7 16. Nxc6 Bxc6 17. Ne5 Ba8 18. Bf4 Bxh4 19. Qh5 Rf5 20. Qg4 Bf6 21. Re2 d4 22. Bxa8 Rxa8 23. Rae1 Nd5 24. Bd2 Qa5 25. Nc6 Qxa2 26. Rxe6 g6 27. Ne5 Bxe5 28. R1xe5 Raf8 29. Rxg6+ hxg6 30. Qxg6+ Kh8 31. Rxf5 Rxf5 32. Qxf5 Qb1+ 33. Kg2 Qxc2 34. Bh6 Ne3+ 35. Bxe3 dxe3 36. Qe5+ Kh7 37. Qxe3 Qxb2 38. Qxc5 b3 39. Qf5+ Kg7 40. Qd7+ Kf6 41. Qd8+ Ke6 42. Qc8+ Kd5 43. Qc4+ Kd6 44. Qb4+ Kc6 45. Qc4+ Kb6 46. Qe6+ Kb5 47. Qd7+ Kb4 48. Qd6+ Kc3 49. Qc5+ Kd2 50. Qxa7 Qc3 51. Qe3+ Kc2 52. Qe2+ Kb1 53. Qd1+ Ka2 54. Qf3 b2 55. Qa8+ Qa3 56. Qd5+ Ka1 57. Qd4 Qa8+ 58. f3 Ka2 59. Qc4+ Ka1 60. Qc3 Ka2 61. Qc4+ Kb1 62. g4 Qh8 63. g5 Qe5 64. g6 Qg5+ 65. Kf2 Qd2+ 66. Kg3 Qg5+ 67. Kf2 Qxg6 68. d4 Qc2+ 69. Qxc2+ Kxc2 70. Ke3 b1Q 71. d5 Qb6+ 0-1

[Event "Titled Tuesday intern op 01st Sept"]
[Site "Chess.com INT"]
[Date "2020.09.01"]
[Round "3"]
[White "Ubiennykh, Ekaterina"]
[Black "Kavutskiy, Konstantin"]
[Result "0-1"]
[WhiteElo "2331"]
[BlackElo "2391"]
[PlyCount "44"]
[EventDate "2020.09.01"]
[EventType "swiss (blitz)"]
[EventRounds "10"]
[EventCountry "USA"]
[SourceTitle "CBM 198 Extra"]
[Source "ChessBase"]
[SourceDate "2020.11.30"]
[SourceVersion "1"]
[SourceVersionDate "2020.11.30"]
[SourceQuality "1"]

1. d4 Nf6 2. Nf3 g6 3. g3 Bg7 4. Bg2 0-0 5. c4 d6 6. Nc3 Nc6 7. 0-0 e5 8. d5 Nb8 9. Bg5 h6 10. Bd2 a5 11. e4 Na6 12. Ne1 Nd7 13. Nd3 Ndc5 14. Be3 b6 15. b3 f5 16. a3 Nxd3 17. Qxd3 f4 18. gxf4 exf4 19. Bd2 Nc5 20. Qc2 f3 21. Bh1 Qh4 22. Rfe1 Be5 0-1

[Event "Titled Tuesday intern op 30th June"]
[Site "Chess.com INT"]
[Date "2020.06.30"]
[Round "8"]
[White "Lagunow, Raphael"]
[Black "Ubiennykh, Ekaterina"]
[Result "1-0"]
[WhiteElo "2378"]
[BlackElo "2331"]
[PlyCount "133"]
[EventDate "2020.06.30"]
[EventType "swiss (blitz)"]
[EventRounds "10"]
[EventCountry "USA"]
[SourceTitle "CBM 197 Extra"]
[Source "ChessBase"]
[SourceDate "2020.09.30"]
[SourceVersion "1"]
[SourceVersionDate "2020.09.30"]
[SourceQuality "1"]

1. e4 d5 2. exd5 Qxd5 3. Nc3 Qa5 4. d4 c6 5. Bc4 Nf6 6. Bd2 Qd8 7. Nf3 Bg4 8. Bxf7+ Kxf7 9. Ne5+ Kg8 10. Nxg4 Qxd4 11. Ne3 e6 12. 0-0 Nbd7 13. Qe2 Be7 14. Nc4 Kf7 15. Rfe1 e5 16. Nxe5+ Nxe5 17. Qxe5 Qxe5 18. Rxe5 Bd6 19. Re2 a5 20. Rae1 a4 21. Bg5 a3 22. b3 Bb4 23. Bd2 Rhd8 24. Nb1 Bf8 25. g3 Rd7 26. Kg2 Rad8 27. Bc1 Ra8 28. Rd2 Rc7 29. Rd3 Nd5 30. Bd2 Nb4 31. Bxb4 Bxb4 32. c3 Bc5 33. Rf3+ Kg8 34. Nd2 b5 35. Ne4 Bf8 36. Ng5 Re7 37. Rxe7 Bxe7 38. Ne6 Bf6 39. Rd3 Kf7 40. Nf4 Re8 41. Kf1 g5 42. Ne2 Re7 43. f3 c5 44. c4 bxc4 45. bxc4 Rb7 46. Rxa3 Rb1+ 47. Kf2 Rb2 48. Ra7+ Kg6 49. f4 gxf4 50. gxf4 Rc2 51. Ra4 h5 52. Kf3 h4 53. Ke3 Kf5 54. Kd3 Rb2 55. Ra5 Be7 56. Ke3 Rc2 57. Nd4+ Kg4 58. Nxc2 Kh3 59. Ra7 Bf6 60. Rf7 Bc3 61. Rh7 Bf6 62. Rh6 Be7 63. Ne1 Kxh2 64. Nf3+ Kg3 65. Nxh4 Bxh4 66. Rxh4 Kxh4 67. a4 1-0

[Event "Titled Tuesday intern op 30th June"]
[Site "Chess.com INT"]
[Date "2020.06.30"]
[Round "6"]
[White "Ubiennykh, Ekaterina"]
[Black "Lauridsen, Jesper Morch"]
[Result "1-0"]
[WhiteElo "2331"]
[BlackElo "2225"]
[PlyCount "67"]
[EventDate "2020.06.30"]
[EventType "swiss (blitz)"]
[EventRounds "10"]
[EventCountry "USA"]
[SourceTitle "CBM 197 Extra"]
[Source "ChessBase"]
[SourceDate "2020.09.30"]
[SourceVersion "1"]
[SourceVersionDate "2020.09.30"]
[SourceQuality "1"]

1. e4 e6 2. d4 d5 3. e5 c5 4. c3 Bd7 5. Nf3 a6 6. Be2 cxd4 7. cxd4 Bb5 8. Bxb5+ axb5 9. 0-0 b4 10. Nbd2 Nc6 11. Nb3 Nge7 12. Bg5 h6 13. Bh4 g5 14. Bg3 Nf5 15. Qc2 h5 16. h3 Nxg3 17. fxg3 Qb6 18. Nxg5 Bh6 19. Nxf7 Be3+ 20. Kh2 Rg8 21. Nd6+ Kd8 22. Qh7 Ne7 23. Nc5 Bxd4 24. Nxe6+ Kd7 25. Rf7 Bxe5 26. Rxe7+ Kxd6 27. Rd7+ Kc6 28. Rc1+ Kb5 29. Rxd5+ Ka6 30. Rxe5 Qd6 31. Nc7+ Kb6 32. Rb5+ Ka7 33. Rxb7+ Kxb7 34. Ne8+ 1-0

[Event "Titled Tuesday intern op 23rd June"]
[Site "Chess.com INT"]
[Date "2020.06.23"]
[Round "8"]
[White "Ledakov, Alexandr"]
[Black "Ubiennykh, Ekaterina"]
[Result "1-0"]
[WhiteElo "2309"]
[BlackElo "2331"]
[PlyCount "99"]
[EventDate "2020.06.23"]
[EventType "swiss (blitz)"]
[EventRounds "10"]
[EventCountry "USA"]
[SourceTitle "CBM 197 Extra"]
[Source "ChessBase"]
[SourceDate "2020.09.30"]
[SourceVersion "1"]
[SourceVersionDate "2020.09.30"]
[SourceQuality "1"]

1. d4 d5 2. Nf3 Nf6 3. c4 e6 4. g3 dxc4 5. Bg2 a6 6. a4 c6 7. a5 Bb4+ 8. Bd2 c5 9. 0-0 0-0 10. Bxb4 cxb4 11. Nbd2 c3 12. bxc3 bxc3 13. Nc4 Nc6 14. e3 Bd7 15. Qb3 Rb8 16. Qxc3 Ne7 17. Nfe5 Bb5 18. Rfc1 Nfd5 19. Qd2 Rc8 20. Na3 Rxc1+ 21. Rxc1 Ba4 22. e4 Nf6 23. Qb4 Bc6 24. f3 Be8 25. Qd2 Nc6 26. Nxc6 Bxc6 27. Nc4 Bb5 28. Ne5 Nd7 29. Nc4 Nb8 30. Nb6 Nc6 31. d5 exd5 32. exd5 h6 33. h3 Ne7 34. Kh2 Qd6 35. f4 Nf5 36. Qc2 Qg6 37. g4 Nh4 38. Qxg6 Nxg6 39. Kg3 f5 40. d6 fxg4 41. Bd5+ Kh8 42. d7 Nxf4 43. Rc8 Bxd7 44. Rxf8+ Kh7 45. Rxf4 gxh3 46. Nxd7 g5 47. Rf7+ Kg6 48. Ne5+ Kh5 49. Bf3+ g4 50. Rf5# 1-0

[Event "Titled Tuesday intern op 23rd June"]
[Site "Chess.com INT"]
[Date "2020.06.23"]
[Round "10"]
[White "Wiebe, Isaac"]
[Black "Ubiennykh, Ekaterina"]
[Result "1-0"]
[WhiteElo "1997"]
[BlackElo "2331"]
[PlyCount "96"]
[EventDate "2020.06.23"]
[EventType "swiss (blitz)"]
[EventRounds "10"]
[EventCountry "USA"]
[SourceTitle "CBM 197 Extra"]
[Source "ChessBase"]
[SourceDate "2020.09.30"]
[SourceVersion "1"]
[SourceVersionDate "2020.09.30"]
[SourceQuality "1"]

1. d4 Nf6 2. c4 e5 3. dxe5 Ng4 4. Bf4 g5 5. Bg3 Bc5 6. e3 h5 7. h3 Nxe3 8. fxe3 Bxe3 9. Nf3 h4 10. Bf2 Bxf2+ 11. Kxf2 Nc6 12. Nc3 Qe7 13. Qd5 Nb4 14. Qd4 Nc2 15. Qd1 Nxa1 16. Qxa1 Qc5+ 17. Ke2 Qxc4+ 18. Kf2 Qc5+ 19. Ke2 b6 20. Qc1 Ba6+ 21. Ke1 0-0-0 22. Bxa6+ Kb8 23. Be2 d6 24. e6 fxe6 25. Qxg5 Qb4 26. Qd2 Rhg8 27. Kf2 Qc5+ 28. Qd4 Qf5 29. Rf1 e5 30. Qe4 Qxe4 31. Nxe4 d5 32. Nc3 e4 33. Nd4 c5 34. Nc6+ Kc7 35. Nxd8 Rxd8 36. Rd1 Rf8+ 37. Kg1 d4 38. Nxe4 Re8 39. Bf3 Rg8 40. b4 cxb4 41. Rxd4 a5 42. Rd5 Kb8 43. Rd6 Ka7 44. Rd7+ Ka6 45. Be2+ b5 46. Rd6+ Kb7 47. Bxb5 Rc8 48. Ba6+ Kc7 1-0

[Event "Titled Tuesday intern op 9th June"]
[Site "Chess.com INT"]
[Date "2020.06.09"]
[Round "3"]
[White "Ubiennykh, Ekaterina"]
[Black "Shahinyan, David"]
[Result "0-1"]
[WhiteElo "2331"]
[BlackElo "2456"]
[PlyCount "60"]
[EventDate "2020.06.09"]
[EventType "swiss (blitz)"]
[EventRounds "10"]
[EventCountry "USA"]
[SourceTitle "CBM 196 Extra"]
[Source "ChessBase"]
[SourceDate "2020.07.31"]
[SourceVersion "1"]
[SourceVersionDate "2020.07.31"]
[SourceQuality "1"]

1. e4 e6 2. d4 d5 3. e5 c5 4. c3 Nc6 5. Nf3 Bd7 6. a3 f6 7. Be2 fxe5 8. dxe5 g6 9. 0-0 Bg7 10. Bg5 Nge7 11. Bf6 Bxf6 12. exf6 Ng8 13. f7+ Kxf7 14. c4 d4 15. Nbd2 Nf6 16. Ng5+ Kg7 17. Nde4 b6 18. Bf3 h6 19. Nxf6 Qxf6 20. Ne4 Qe7 21. Re1 Ne5 22. Be2 Bc6 23. Ng3 Raf8 24. Bg4 Qf6 25. Rf1 h5 26. Bxh5 gxh5 27. Nxh5+ Rxh5 28. Qxh5 Rh8 29. Qe2 Nf3+ 30. gxf3 Bxf3 0-1

[Event "Titled Tuesday intern op 9th June"]
[Site "Chess.com INT"]
[Date "2020.06.09"]
[Round "8"]
[White "Ubiennykh, Ekaterina"]
[Black "Tamarozi, Isabelle"]
[Result "1-0"]
[WhiteElo "2331"]
[BlackElo "1981"]
[PlyCount "83"]
[EventDate "2020.06.09"]
[EventType "swiss (blitz)"]
[EventRounds "10"]
[EventCountry "USA"]
[SourceTitle "CBM 196 Extra"]
[Source "ChessBase"]
[SourceDate "2020.07.31"]
[SourceVersion "1"]
[SourceVersionDate "2020.07.31"]
[SourceQuality "1"]

1. Nf3 g6 2. b3 Bg7 3. Nc3 c5 4. Bb2 Nc6 5. g3 d5 6. Bg2 e5 7. 0-0 Nf6 8. e3 0-0 9. Ne2 e4 10. Ne1 Be6 11. d3 Qc8 12. Nf4 Bg4 13. Qc1 g5 14. Bxf6 gxf4 15. Bxg7 Kxg7 16. exf4 Be2 17. dxe4 Bxf1 18. Kxf1 dxe4 19. Bxe4 Qh3+ 20. Kg1 Nd4 21. Qb2 f6 22. Bg2 Ne2+ 23. Kh1 Qh6 24. Nf3 Rad8 25. c3 Rfe8 26. Re1 Nxf4 27. gxf4 Rxe1+ 28. Nxe1 Qxf4 29. Qe2 Rd2 30. Qe7+ Kh6 31. Qf8+ Kg5 32. Nf3+ Kf5 33. Qxc5+ Kg6 34. Nxd2 Qxd2 35. Be4+ Kg7 36. Qe7+ Kg8 37. Qxh7+ Kf8 38. Qh8+ Ke7 39. Qg7+ Ke6 40. Kg2 Qf4 41. Qg8+ Ke5 42. Qd5# 1-0

[Event "Titled Tuesday intern op 12th May"]
[Site "Chess.com INT"]
[Date "2020.05.12"]
[Round "8"]
[White "Polivanov, Anatoliy"]
[Black "Ubiennykh, Ekaterina"]
[Result "1/2-1/2"]
[WhiteElo "2452"]
[BlackElo "2331"]
[PlyCount "96"]
[EventDate "2020.05.12"]
[EventType "swiss (blitz)"]
[EventRounds "10"]
[EventCountry "USA"]
[SourceTitle "CBM 196 Extra"]
[Source "ChessBase"]
[SourceDate "2020.07.31"]
[SourceVersion "1"]
[SourceVersionDate "2020.07.31"]
[SourceQuality "1"]

1. e4 e6 2. d4 d5 3. e5 c5 4. c3 Nc6 5. Nf3 Bd7 6. Be2 Qb6 7. 0-0 Rc8 8. dxc5 Bxc5 9. b4 Be7 10. Na3 Nh6 11. Be3 Qc7 12. Nb5 Qb8 13. Bc5 Nxe5 14. Bxa7 Nxf3+ 15. Bxf3 Qe5 16. Re1 Qf6 17. Bd4 Qg5 18. Be3 Qf5 19. Nd4 Qf6 20. Bxh6 Qxh6 21. Qd3 0-0 22. Nf5 Qf6 23. Nxe7+ Qxe7 24. Bxd5 Qf6 25. Bxb7 Rc7 26. Be4 g6 27. c4 Rfc8 28. c5 Ba4 29. Rac1 Qb2 30. h4 Qxb4 31. Rc4 Qa5 32. Rec1 Rxc5 33. Rxc5 Rxc5 34. Rxc5 Qxc5 35. Qe3 Qc4 36. h5 Qxa2 37. h6 Qa1+ 38. Kh2 Qe5+ 39. g3 f5 40. Qa7 fxe4 41. Qxa4 Qh5+ 42. Kg1 Qxh6 43. Qe8+ Kg7 44. Qe7+ Kg8 45. Qxe6+ Kf8 46. Qf6+ Ke8 47. Qe6+ Kf8 48. Qf6+ Ke8 1/2-1/2

[Event "Titled Tuesday intern op 21st April"]
[Site "Chess.com INT"]
[Date "2020.04.21"]
[Round "4"]
[White "Ubiennykh, Ekaterina"]
[Black "Pruess, David"]
[Result "0-1"]
[WhiteElo "2331"]
[BlackElo "2336"]
[PlyCount "46"]
[EventDate "2020.04.21"]
[EventType "swiss (blitz)"]
[EventRounds "10"]
[EventCountry "USA"]
[SourceTitle "EXT 2021"]
[Source "ChessBase"]
[SourceDate "2020.10.23"]
[SourceVersion "1"]
[SourceVersionDate "2020.10.23"]
[SourceQuality "1"]

1. e4 c5 2. Nf3 d6 3. d4 cxd4 4. Qxd4 Nc6 5. Bb5 Qa5+ 6. Nc3 Qxb5 7. Nxb5 Nxd4 8. Nfxd4 Kd8 9. Be3 Bd7 10. c4 a6 11. Nc3 Rc8 12. Nb3 Rxc4 13. Na5 Rc8 14. Nxb7+ Ke8 15. Na5 Nf6 16. 0-0 e6 17. Rfd1 Be7 18. Nb7 Rc6 19. f4 Ng4 20. Ba7 Rc7 21. Nxd6+ Bxd6 22. Bb8 Bc5+ 23. Kh1 Nf2+ 0-1

[Event "Titled Tuesday intern op 21st April"]
[Site "Chess.com INT"]
[Date "2020.04.21"]
[Round "2"]
[White "Zylka, Stanislaw"]
[Black "Ubiennykh, Ekaterina"]
[Result "0-1"]
[WhiteElo "2377"]
[BlackElo "2331"]
[PlyCount "104"]
[EventDate "2020.04.21"]
[EventType "swiss (blitz)"]
[EventRounds "10"]
[EventCountry "USA"]
[SourceTitle "EXT 2021"]
[Source "ChessBase"]
[SourceDate "2020.10.23"]
[SourceVersion "1"]
[SourceVersionDate "2020.10.23"]
[SourceQuality "1"]

1. e4 d5 2. exd5 Qxd5 3. Nc3 Qd6 4. d4 c6 5. g3 Nf6 6. Bf4 Qd8 7. Bg2 Bg4 8. Qd2 e6 9. Nf3 Be7 10. 0-0 Nbd7 11. Rfe1 0-0 12. Ne5 Bf5 13. Qe2 Nd5 14. Nxd5 cxd5 15. c3 Rc8 16. h4 h6 17. Qb5 Nb6 18. Bf3 Bh7 19. Kg2 a6 20. Qe2 Nc4 21. Nxc4 Rxc4 22. a4 Qb6 23. Qd2 Qb3 24. Bd1 Qb6 25. a5 Qd8 26. Rh1 Bd6 27. Bxd6 Qxd6 28. Be2 Rc7 29. Ra4 Rfc8 30. Rb4 e5 31. dxe5 Qxe5 32. Bf3 Rc5 33. Ra1 R8c7 34. Qd4 Qxd4 35. Rxd4 Rd7 36. Raa4 Bc2 37. Rab4 Rxa5 38. Bg4 f5 39. Bh5 Be4+ 40. f3 Bc2 41. Bg6 Rb5 42. Rxb5 axb5 43. h5 Kf8 44. Kf2 Ke7 45. Ke3 Kf6 46. Kf4 Bb1 47. b3 Bc2 48. b4 Bb1 49. Rd1 Bc2 50. Re1 Re7 51. Rxe7 Kxe7 52. Bxf5 Bb3 0-1

[Event "Sochi ChessAmateur op10"]
[Site "Sochi"]
[Date "2018.10.18"]
[Round "9"]
[White "Ubiennykh, Ekaterina"]
[Black "Saidov, Bilukhadzh"]
[Result "1-0"]
[WhiteElo "2308"]
[BlackElo "2249"]
[PlyCount "85"]
[EventDate "2018.10.12"]
[EventType "swiss"]
[EventRounds "9"]
[EventCountry "RUS"]
[SourceTitle "CBM 187 Extra"]
[Source "ChessBase"]
[SourceDate "2018.11.04"]
[SourceVersion "1"]
[SourceVersionDate "2018.11.04"]
[SourceQuality "1"]

1. d4 d5 2. c4 c6 3. Nf3 Nf6 4. e3 Bf5 5. Nc3 e6 6. Nh4 Be4 7. f3 Bg6 8. Qb3 Qc7 9. Bd2 Nbd7 10. cxd5 exd5 11. Rc1 Qb6 12. Qxb6 axb6 13. e4 dxe4 14. Nxg6 hxg6 15. fxe4 Bb4 16. e5 Bxc3 17. bxc3 Ne4 18. Bc4 b5 19. Bb3 Nxd2 20. Kxd2 Nb6 21. Rcf1 Nc4+ 22. Kd3 Nb2+ 23. Ke2 Rf8 24. Rf2 Ke7 25. Rb1 Na4 26. Kd3 f6 27. exf6+ Rxf6 28. Re1+ Kd7 29. Rfe2 Kc7 30. Re7+ Kb6 31. R1e2 Rd6 32. Rxg7 c5 33. Bf7 cxd4 34. cxd4 Nc5+ 35. Ke3 Ra3+ 36. Kf4 Rxd4+ 37. Kg5 Ne4+ 38. Kxg6 Rc3 39. Kh6 Nd6 40. Rg6 Rc6 41. Be6 Ka5 42. g3 Rc5 43. h4 1-0

[Event "Sochi ChessAmateur op10"]
[Site "Sochi"]
[Date "2018.10.14"]
[Round "4"]
[White "Ubiennykh, Ekaterina"]
[Black "Vaseptsov, Maxim"]
[Result "1-0"]
[WhiteElo "2308"]
[BlackElo "2239"]
[PlyCount "81"]
[EventDate "2018.10.12"]
[EventType "swiss"]
[EventRounds "9"]
[EventCountry "RUS"]
[SourceTitle "CBM 187 Extra"]
[Source "ChessBase"]
[SourceDate "2018.11.04"]
[SourceVersion "1"]
[SourceVersionDate "2018.11.04"]
[SourceQuality "1"]

1. d4 Nf6 2. c4 e6 3. Nc3 Bb4 4. f3 d5 5. a3 Bxc3+ 6. bxc3 c5 7. cxd5 exd5 8. e3 Bf5 9. Ne2 Nc6 10. g4 Be6 11. Nf4 Qc7 12. a4 Rc8 13. Ba3 Qa5 14. Qd2 cxd4 15. cxd4 Qxd2+ 16. Kxd2 Na5 17. Bb5+ Nd7 18. Rab1 Kd8 19. Bb4 Nc4+ 20. Bxc4 Rxc4 21. Rhc1 Rxc1 22. Rxc1 Nb8 23. e4 dxe4 24. Bd6 Na6 25. Nxe6+ fxe6 26. fxe4 Kd7 27. e5 g5 28. Rc3 h6 29. Rf3 Rh7 30. Ke3 b6 31. Ke4 Nc7 32. Bxc7 Kxc7 33. Rc3+ Kd7 34. d5 Rf7 35. dxe6+ Kxe6 36. Rc6+ Ke7 37. Rc7+ Kf8 38. Rxf7+ Kxf7 39. Kd5 a6 40. Kc6 b5 41. Kd7 1-0

[Event "Sochi ChessAmateur op10"]
[Site "Sochi"]
[Date "2018.10.13"]
[Round "3"]
[White "Muratov, Sergey"]
[Black "Ubiennykh, Ekaterina"]
[Result "0-1"]
[WhiteElo "2181"]
[BlackElo "2308"]
[PlyCount "78"]
[EventDate "2018.10.12"]
[EventType "swiss"]
[EventRounds "9"]
[EventCountry "RUS"]
[SourceTitle "CBM 187 Extra"]
[Source "ChessBase"]
[SourceDate "2018.11.04"]
[SourceVersion "1"]
[SourceVersionDate "2018.11.04"]
[SourceQuality "1"]

1. d4 Nf6 2. Bf4 c5 3. e3 Qb6 4. Nc3 Nc6 5. Nb5 Nd5 6. dxc5 Qa5+ 7. c3 Nxf4 8. exf4 a6 9. Nd4 Qxc5 10. Ngf3 e6 11. Bd3 Nxd4 12. Nxd4 b5 13. Qf3 Rb8 14. 0-0 Bb7 15. Be4 d5 16. Bd3 Bd6 17. Rfe1 0-0 18. Qh3 g6 19. f5 Bc8 20. f6 Rd8 21. Qh6 Bf8 22. Qh4 b4 23. Rac1 bxc3 24. bxc3 Rb2 25. Re3 Qc7 26. Rh3 h6 27. Rg3 e5 28. Nf5 Kh7 29. Ne3 e4 30. Bf1 Qe5 31. Rd1 g5 32. Qh5 Qxf6 33. Be2 Be6 34. c4 d4 35. Ng4 Qf4 36. Bf1 d3 37. h4 Bxg4 38. Rxg4 Qxf2+ 39. Kh1 Bc5 0-1

[Event "RUS-chT blitz (Women)"]
[Site "Sochi"]
[Date "2017.10.05"]
[Round "9.1"]
[White "Ambartsumova, Karina"]
[Black "Ubiennykh, Ekaterina"]
[Result "0-1"]
[WhiteElo "2359"]
[BlackElo "2308"]
[PlyCount "66"]
[EventDate "2017.10.05"]
[EventType "team-tourn (blitz)"]
[EventRounds "10"]
[EventCountry "RUS"]
[SourceTitle "CBM 181 Extra"]
[Source "ChessBase"]
[SourceDate "2017.12.12"]
[SourceVersion "1"]
[SourceVersionDate "2017.12.12"]
[SourceQuality "1"]
[WhiteTeam "Tatarstan Ladya (W)"]
[BlackTeam "Rostov Region (W)"]
[WhiteTeamCountry "RUS"]
[BlackTeamCountry "RUS"]

1. d4 Nf6 2. Nf3 g6 3. g3 Bg7 4. Bg2 0-0 5. 0-0 c6 6. c4 d6 7. Nc3 Qa5 8. Re1 Nbd7 9. e4 e5 10. h3 exd4 11. Nxd4 Ne5 12. Nb3 Qc7 13. c5 Rd8 14. Qc2 dxc5 15. Nxc5 b6 16. Nb3 Ba6 17. Bg5 Bd3 18. Qc1 Rac8 19. f4 Nc4 20. e5 Nh5 21. Bxd8 Rxd8 22. Kh2 g5 23. Ne4 gxf4 24. g4 Bxe5 25. gxh5 f3+ 26. Kh1 fxg2+ 27. Kxg2 Kh8 28. Kh1 Qd7 29. Re3 Bxe4+ 30. Rxe4 Qxh3+ 31. Kg1 Rg8+ 32. Kf2 Rg2+ 33. Kf1 Qh1# 0-1

[Event "RUS-chT blitz (Women)"]
[Site "Sochi"]
[Date "2017.10.05"]
[Round "1.1"]
[White "Pogonina, Natalija"]
[Black "Ubiennykh, Ekaterina"]
[Result "1-0"]
[WhiteElo "2466"]
[BlackElo "2308"]
[PlyCount "79"]
[EventDate "2017.10.05"]
[EventType "team-tourn (blitz)"]
[EventRounds "10"]
[EventCountry "RUS"]
[SourceTitle "CBM 181 Extra"]
[Source "ChessBase"]
[SourceDate "2017.12.12"]
[SourceVersion "1"]
[SourceVersionDate "2017.12.12"]
[SourceQuality "1"]
[WhiteTeam "Khanty Mansyisk Yugra (W)"]
[BlackTeam "Rostov Region (W)"]
[WhiteTeamCountry "RUS"]
[BlackTeamCountry "RUS"]

1. d4 Nf6 2. Nf3 g6 3. Nbd2 c5 4. dxc5 Qa5 5. a3 Qxc5 6. b4 Qc7 7. c4 Bg7 8. Bb2 b6 9. e3 Bb7 10. Be2 0-0 11. 0-0 d6 12. Rc1 Nbd7 13. Qb3 Rac8 14. Qa2 Qb8 15. Qa1 a6 16. Rfd1 Qa8 17. h3 Rfd8 18. Nb3 d5 19. c5 bxc5 20. Nxc5 Nxc5 21. bxc5 a5 22. Bd4 Ba6 23. Bxa6 Qxa6 24. Rb1 Rb8 25. Rb6 Qc4 26. Rdb1 Rbc8 27. Rc1 Qa4 28. c6 Rd6 29. Ne5 Ne4 30. Qb2 f6 31. Rb8 Rdd8 32. c7 Re8 33. Qb7 Nd6 34. Qxd5+ Kh8 35. Nf7+ Nxf7 36. Qxf7 Qxa3 37. Qxe8+ Rxe8 38. Rxe8+ Bf8 39. Rxf8+ Kg7 40. c8Q 1-0

[Event "RUS-chT blitz (Women)"]
[Site "Sochi"]
[Date "2017.10.05"]
[Round "10.1"]
[White "Ubiennykh, Ekaterina"]
[Black "Bodnaruk, Anastasia"]
[Result "1-0"]
[WhiteElo "2308"]
[BlackElo "2432"]
[PlyCount "61"]
[EventDate "2017.10.05"]
[EventType "team-tourn (blitz)"]
[EventRounds "10"]
[EventCountry "RUS"]
[SourceTitle "CBM 181 Extra"]
[Source "ChessBase"]
[SourceDate "2017.12.12"]
[SourceVersion "1"]
[SourceVersionDate "2017.12.12"]
[SourceQuality "1"]
[WhiteTeam "Rostov Region (W)"]
[BlackTeam "St Petersburg SDYUSSHOR (W)"]
[WhiteTeamCountry "RUS"]
[BlackTeamCountry "RUS"]

1. d4 d6 2. e4 g6 3. Nc3 Bg7 4. Be3 a6 5. f4 b5 6. a3 Nd7 7. Nh3 Bb7 8. Nf2 e6 9. Qd2 Ne7 10. g4 c5 11. h4 cxd4 12. Bxd4 e5 13. fxe5 Nxe5 14. 0-0-0 Nf3 15. Bxg7 Nxd2 16. Bxh8 Nxf1 17. Rhxf1 Qb6 18. Bd4 Qa5 19. Nd3 Rc8 20. Nb4 Rc4 21. Ncd5 Nxd5 22. exd5 Kf8 23. h5 Rc7 24. Bf6 Kg8 25. Rfe1 Rc8 26. Re7 Ba8 27. Rde1 Rf8 28. Re8 Qc7 29. h6 Qc4 30. Rxf8+ Kxf8 31. Bg7+ 1-0